UEFA Nations League: All Countries of League C (2024) - Statistics

General Stats
  • This quiz has been taken 32 times
  • The average score is 13 of 16
Answer Stats
Answer % Correct
Estonia
96%
Slovakia
96%
Azerbaijan
92%
Latvia
92%
Lithuania
92%
North Macedonia
92%
Romania
92%
Sweden
92%
Bulgaria
88%
Kosovo
88%
Northern Ireland
88%
Cyprus
85%
Armenia
81%
Belarus
77%
Faroe Islands
69%
Luxemourg
8%
No matching quizzes found
Score Distribution
Percent of People with Each Score
Percentile by Number Answered
Your Score History
You have not taken this quiz